书目信息 |
| 题名: |
你的形象价值百万
|
|
| 作者: | 英格丽 著 | |
| 分册: | ||
| 出版信息: | 北京 中国青年出版社 2005 |
|
| 页数: | 23,286页 | |
| 开本: | 23cm | |
| 丛书名: | 英格丽系列作品 | |
| 单 册: | ||
| 中图分类: | B834.3 | |
| 科图分类: | ||
| 主题词: | 个人 , 形象 , 个人--形象--设计 | |
| 电子资源: | ||
| ISBN: | 7-5006-6010-3 | |
| 000 | 01363nam0 2200385 450 | |
| 000 | 01326nam0 2200373 450 | |
| 000 | 01324nam0 2200385 450 | |
| 000 | 01270nam0 2200361 450 | |
| 000 | 01299nam0 2200349 450 | |
| 000 | 01262nam0 2200337 45 | |
| 001 | TS-144945 | |
| 005 | 20061203161526.85 | |
| 010 | @a7-5006-6010-3@dCNY25.00 | |
| 100 | @a20060829d2005 em y0chiy0110 ea | |
| 101 | 0 | @achi |
| 102 | @aCN@b110000 | |
| 105 | @ay z 000yy | |
| 200 | 1 | @a你的形象价值百万@Ani de xing xiang jia zhi bai wan@e世界形象设计师的忠告@f(加)英格丽·张(Ingrid Zhang)著 |
| 210 | @a北京@c中国青年出版社@d2005 | |
| 215 | @a23,286页@d23cm | |
| 225 | 2 | @a英格丽系列作品 |
| 308 | @a作品之一 | |
| 330 | @a本书内容包括:“看起来就得像个成功者”、“没有自信就别想成功”、“服装最大的功能”、“不守时的人不可靠”等。 | |
| 410 | 0 | @1001002378177@12001 @a英格丽系列作品 |
| 510 | 1 | @aYour Image is Worthy of Million Dollars!@zeng |
| 517 | 1 | @a世界形象设计师的忠告@Ashi jie xing xiang she ji shi de zhong gao |
| 606 | 0 | @a个人 |
| 606 | 0 | @a形象 |
| 606 | 0 | @a个人@x形象@x设计 |
| 690 | @aB834.3@v4 | |
| 701 | 0 | @c(加)@a英格丽@Aying ge li@c(女,Zhang, Ingrid)@4著 |
| 801 | 0 | @aCN@b中图数据@c20061203 |
| 905 | @a10447@dB834.3@e213 | |
| 你的形象价值百万:世界形象设计师的忠告/(加)英格丽·张(Ingrid Zhang)著.-北京:中国青年出版社,2005 |
| 23,286页;23cm.-(英格丽系列作品) |
| ISBN 7-5006-6010-3:CNY25.00 |
| 本书内容包括:“看起来就得像个成功者”、“没有自信就别想成功”、“服装最大的功能”、“不守时的人不可靠”等。 |
| ● |
| 相关链接 |
|
|
|
|
正题名:你的形象价值百万
索取号:B834.3/213
 
预约/预借
| 序号 | 登录号 | 条形码 | 馆藏地/架位号 | 状态 | 备注 |
| 1 | 0610110 | 206101109 | 第一样本阅览室/ [索取号:B834.3/213] | 在馆 | |
| 2 | 0610111 | 206101118 | 第一借阅区/ [索取号:B834.3/213] | 在馆 | |
| 3 | 0610112 | 206101127 | 第一借阅区/ [索取号:B834.3/213] | 在馆 | |
| 4 | 0610113 | 206101136 | 第一借阅区/ [索取号:B834.3/213] | 在馆 | |
| 5 | 0610114 | 206101145 | 第一借阅区/ [索取号:B834.3/213] | 在馆 | |
| 6 | 0610115 | 206101154 | 第一借阅区/ [索取号:B834.3/213] | 在馆 |